000 nam a22 a 4500
999 _c333290
_d333290
003 BLK
005 20210917130934.0
008 190729b bu |||||r|||| 00| 0 bu d
020 _a9789548933773
040 _aBLK
041 _aBUL
_cBUL
072 _9178260
_aН372
_xУчебни предмети. Учебници Н
080 _aИнформатика в основното училище
_b372.868.13
_x(075.2)
_z372.868.13(075.2)
100 _aИванов, Ивайло
_eпърви автор
_91299
139 _aИванов, Ивайло
_bИ 21
245 _aИнформационни технологии V клас
_cИвайло Иванов, Людмила Попова, Пламен Петров
250 _aТрето издание
257 _aBGR
260 _9210151
_bНова звезда
_c2014
300 _a60 с.
_bс цв. ил.
_c29 с
380 _aDN
650 0 _9298936
_aИнформационни технологии - учебници за основни училища
653 7 _9187779
_aинформатика
653 7 _9199109
_aучебници за основни училища
653 7 _9180168
_aV кл.
700 _9296668
_aПопова, Людмила
_eсъавт.
700 _9365416
_aПетров, Пламен
_eсъавт.
942 _cKNG
_n0
_s1
_01
944 _aCR
_c2019-07-29
_kМикаела Микова - Илиева
_l2019-07-29
999 _d333290